书目信息 |
| 题名: |
视觉艺术思维
|
|
| 作者: | 廖军 著 | |
| 分册: | ||
| 出版信息: | 北京 中国纺织出版社 2013.06 |
|
| 页数: | 129页 | |
| 开本: | 29cm | |
| 丛书名: | ||
| 单 册: | ||
| 中图分类: | J0-05 | |
| 科图分类: | ||
| 主题词: | 视觉形象--思维--高等教育--教材 , 视觉形象 , 思维 | |
| 电子资源: | ||
| ISBN: | 978-7-5064-6159-7 | |
| 000 | 01018nam0 2200313 450 | |
| 001 | 012001027684 | |
| 005 | 20140609164937.95 | |
| 010 | @a978-7-5064-6159-7@dCNY58.00 | |
| 100 | @a20130814d2013 em y0chiy0110 ea | |
| 101 | 0 | @achi |
| 102 | @aCN@b110000 | |
| 105 | @aa z 000yy | |
| 106 | @ar | |
| 200 | 1 | @a视觉艺术思维@9shi jue yi shu si wei@f廖军著 |
| 205 | @a2版 | |
| 210 | @a北京@c中国纺织出版社@d2013.06 | |
| 215 | @a129页@c图@d29cm | |
| 300 | @a普通高等教育“十一五”国家级规划教材(本科) | |
| 312 | @a封面英文题名:The thinking of visual art | |
| 330 | @a本书系统地阐述了视觉艺术思维的基本原理,对视觉艺术思维的对象、主体、功能、方式以及视觉艺术思维的生理要素和心理动机等方面作了较深刻的论述。 | |
| 333 | @a视觉形象相关研究人员 | |
| 510 | 1 | @aThinking of visual art@zeng |
| 606 | 0 | @a视觉形象@x思维@x高等教育@j教材 |
| 606 | 0 | @a视觉形象 |
| 606 | 0 | @a思维 |
| 690 | @aJ0-05@v5 | |
| 701 | 0 | @a廖军@9liao jun@4著 |
| 801 | 0 | @aCN@b人天书店@c20130814 |
| 905 | @b847305-07@dJ0-05@e281=2@f3 | |
| 视觉艺术思维/廖军著.-2版.-北京:中国纺织出版社,2013.06 |
| 129页:图;29cm |
| 普通高等教育“十一五”国家级规划教材(本科).-使用对象:视觉形象相关研究人员 |
| ISBN 978-7-5064-6159-7:CNY58.00 |
| 本书系统地阐述了视觉艺术思维的基本原理,对视觉艺术思维的对象、主体、功能、方式以及视觉艺术思维的生理要素和心理动机等方面作了较深刻的论述。 |
| ● |
| 相关链接 |
|
|
|
|
正题名:视觉艺术思维
索取号:J0-05/281=2
 
预约/预借
| 序号 | 登录号 | 条形码 | 馆藏地/架位号 | 状态 | 备注 |
| 1 | 847305 | 208473052 | 第一样本阅览室/ [索取号:J0-05/281=2] | 在馆 | |
| 2 | 847306 | 208473061 | 第一借阅区/ [索取号:J0-05/281=2] | 在馆 | |
| 3 | 847307 | 208473070 | 美术系资料室/ [索取号:J0-05/281=2] | 在馆 |